Νικόπολις
Αποθηκεύτηκε σε:
| Κύριος συγγραφέας: | |
|---|---|
| Συλλογικό Έργο: | , |
| Άλλοι συγγραφείς: | |
| Μορφή: | Βιβλίο |
| Γλώσσα: | Greek |
| Δημοσίευση: |
Αθήνα :
Ταμείο Αρχαιολογικών Πόρων και Απαλλοτριώσεων,
2001
|
| Θέματα: | |
| Ετικέτες: |
Προσθήκη ετικέτας
Δεν υπάρχουν, Καταχωρήστε ετικέτα πρώτοι!
|
MARC
| LEADER | 00000cam a2200000 i 4500 | ||
|---|---|---|---|
| 001 | 1/31287 | ||
| 008 | 060620s2001 gre d | ||
| 020 | |a 960-214-296-0 | ||
| 035 | |l 10084366 | ||
| 040 | |a GR-MY-UA |b gre |e aacr | ||
| 041 | 0 | |a gre | |
| 082 | 0 | |a 938.21 |2 (22) | |
| 100 | 1 | |a Χρυσοστόμου, Παύλος. | |
| 245 | 1 | 0 | |a Νικόπολις / |c Παύλος Χρυσοστόμου-Φραγκίσκα Κεφαλλωνίτου ; Υπουργείο Πολιτισμού ; Ταμείο Αρχαιολογικών Πόρων και Απαλλοτριώσεων |
| 260 | |a Αθήνα : |b Ταμείο Αρχαιολογικών Πόρων και Απαλλοτριώσεων, |c 2001 | ||
| 300 | |a 65 σ.; |b εικ., χάρτ.; |c 27 εκ. | ||
| 504 | |a Περιέχει βιβλιογραφία (σ. 64-65) | ||
| 650 | 0 | |a Excavations (Archaeology) |z Greece |z Nikopolis (Extinct city) | |
| 651 | 0 | |a Nikopolis (Greece : Extinct city) | |
| 651 | 0 | |a Nikopolis (Greece : Extinct city) |x Antiquities. | |
| 700 | 1 | |a Κεφαλλωνίτου, Φραγκίσκα. | |
| 710 | 2 | |a Υπουργείο Πολιτισμού. | |
| 710 | 2 | |a Υπουργείο Πολιτισμού. |b Ταμείο Αρχαιολογικών Πόρων και Απαλλοτριώσεων. | |
| 852 | |a INST |b LESVOS |e 20060620 |h 938.21 ΧΡΥ |p 005100036135 |q 005100036135 |t BK |y 0 | ||
| 901 | |a BIBL1-2006-2 | ||
| 909 | |a Λ |b 103228 | ||
| 970 | |a ΚΑΡΑ |b ΓΙΑΣΕΜΗ |z 2006/06/20 | ||